<?xml version='1.0' encoding='UTF-8'?><?xml-stylesheet href='static/style.xsl' type='text/xsl'?><OAI-PMH xmlns="http://www.openarchives.org/OAI/2.0/" xmlns:xsi="http://www.w3.org/2001/XMLSchema-instance" xsi:schemaLocation="http://www.openarchives.org/OAI/2.0/ http://www.openarchives.org/OAI/2.0/OAI-PMH.xsd"><responseDate>2026-06-07T16:29:08Z</responseDate><request verb="GetRecord" identifier="oai:ebiltegia.mondragon.edu:20.500.11984/14472" metadataPrefix="marc">https://ebiltegia.mondragon.edu/oai/request</request><GetRecord><record><header><identifier>oai:ebiltegia.mondragon.edu:20.500.11984/14472</identifier><datestamp>2026-06-03T06:15:31Z</datestamp><setSpec>com_20.500.11984_473</setSpec><setSpec>com_20.500.11984_14090</setSpec><setSpec>col_20.500.11984_477</setSpec></header><metadata><record xmlns="http://www.loc.gov/MARC21/slim" xmlns:dcterms="http://purl.org/dc/terms/" xmlns:xsi="http://www.w3.org/2001/XMLSchema-instance" xmlns:doc="http://www.lyncode.com/xoai" xsi:schemaLocation="http://www.loc.gov/MARC21/slim http://www.loc.gov/standards/marcxml/schema/MARC21slim.xsd">
   <leader>00925njm 22002777a 4500</leader>
   <datafield ind2=" " ind1=" " tag="042">
      <subfield code="a">dc</subfield>
   </datafield>
   <datafield ind2=" " ind1=" " tag="720">
      <subfield code="a">Torán Pereg, Paula</subfield>
      <subfield code="e">author</subfield>
   </datafield>
   <datafield ind2=" " ind1=" " tag="720">
      <subfield code="a">Novoa, Stefani</subfield>
      <subfield code="e">author</subfield>
   </datafield>
   <datafield ind2=" " ind1=" " tag="720">
      <subfield code="a">VÁZQUEZ-ARAÚJO, LAURA</subfield>
      <subfield code="e">author</subfield>
   </datafield>
   <datafield ind2=" " ind1=" " tag="720">
      <subfield code="a">Pardo, Guillermo</subfield>
      <subfield code="e">author</subfield>
   </datafield>
   <datafield ind2=" " ind1=" " tag="260">
      <subfield code="c">2025</subfield>
   </datafield>
   <datafield ind2=" " ind1=" " tag="520">
      <subfield code="a">Meeting the expectations of consumers when developing eco-friendly products is essential for an effective change towards sustainable consumption patterns. Interdisciplinary design approaches including both, consumers’ insights, and environmental aspects, are crucial for this purpose, but have been rarely adopted in the food sector. The aim of this study was to assess the environmental impact of a new food product (hot sauce) eco-developed by involving consumers’ and other stakeholders from early stages, and to analyze how the different steps contributed to the environmental performance of the product. Consumer-centered design (CCD) was applied for direct involvement of consumers through qualitative and quantitative research sensory methods. This was key for product identification and optimization, as it enabled excluding some ingredients and processes with negligible contribution to the sensory profile. Life cycle assessment (LCA) was conducted to identify hot-spots and evaluate the environmental performance of the different prototypes: two hot sauces based on discarded green chili and a&#xd;
baseline hot sauce based on red chili, included for comparison purposes. Secondary ingredients and packaging were identified as the main hotspots in the first prototype. Ingredients produced under more sustainable methods and alternative plastic packaging were proposed for improvement. The final product, not only resulted in a reduction on its environmental footprint respect to the baseline in all impact categories (57–91%), but showed a high level of consumers’ acceptance. Despite the limitations of the approach, results showed that combined disciplines could be effective tools for developing more sustainable foods while meeting consumers’ expectations.</subfield>
   </datafield>
   <datafield ind1="8" ind2=" " tag="024">
      <subfield code="a">0959-6526</subfield>
   </datafield>
   <datafield ind1="8" ind2=" " tag="024">
      <subfield code="a">https://hdl.handle.net/20.500.11984/14472</subfield>
   </datafield>
   <datafield tag="653" ind2=" " ind1=" ">
      <subfield code="a">LCA</subfield>
   </datafield>
   <datafield tag="653" ind2=" " ind1=" ">
      <subfield code="a">Life cycle assessment</subfield>
   </datafield>
   <datafield tag="653" ind2=" " ind1=" ">
      <subfield code="a">Consumer-centered design</subfield>
   </datafield>
   <datafield tag="653" ind2=" " ind1=" ">
      <subfield code="a">Product development</subfield>
   </datafield>
   <datafield ind2="0" ind1="0" tag="245">
      <subfield code="a">Environmental assessment of a hot sauce: Involving stakeholders in the development of new food products</subfield>
   </datafield>
</record></metadata></record></GetRecord></OAI-PMH>